All Countries by Western Most Point - Statistics

General Stats
  • This quiz has been taken 1,439 times
  • The average score is 128 of 196
Answers on the Map
Answers color-coded by a green-red scale on the quiz's map according to % correct below.
 
Answer Stats
Hints Answer % Correct
U USA
99%
K Kiribati
92%
C Canada
87%
S Samoa
86%
T Tonga
85%
M Mexico
82%
U UK
79%
B Belize
77%
C Chile
77%
C Costa rica
77%
C Cuba
77%
E Ecuador
77%
E El salvador
77%
G Guatemala
77%
H Honduras
77%
N Nicaragua
77%
P Panama
77%
P Peru
77%
A Argentina
76%
B Bahamas
76%
C Colombia
76%
H Haiti
76%
J Jamaica
76%
V Venezuela
76%
B Brazil
75%
D Dominican Republic
75%
B Bolivia
74%
D Denmark
74%
F France
74%
P Paraguay
74%
A Antigua and Barbuda
73%
D Dominica
73%
G Grenada
73%
G Guyana
73%
I Iceland
73%
N Netherlands
73%
P Portugal
73%
S Spain
73%
S Suriname
73%
T Trinidad and Tobago
73%
U Uruguay
73%
B Belgium
72%
C Cape Verde
72%
G Germany
72%
I Ireland
72%
I Italy
72%
M Mauritania
72%
N Norway
72%
S Senegal
72%
S St. Kitts and Nevis
72%
S St. lucia
72%
S St. Vincent and the Grenadines
72%
A Andorra
71%
A Austria
71%
B Barbados
71%
G Guinea
71%
G Guinea Bissau
71%
L Luxembourg
71%
M Morocco
71%
N Niger
71%
N Nigeria
71%
S Switzerland
71%
A Algeria
70%
B Benin
70%
B Burkina Faso
70%
C Croatia
70%
G Gambia
70%
G Ghana
70%
I Ivory Coast
70%
L Liberia
70%
L Liechtenstein
70%
M Mali
70%
M Monaco
70%
P Poland
70%
S Sierra leone
70%
S Slovenia
70%
S Sweden
70%
T Togo
70%
V Vatican City
70%
A Angola
69%
B Bosnia and Herzegovina
69%
C Czechia
69%
H Hungary
69%
S San Marino
69%
T Tunisia
69%
A Albania
68%
D. Democratic republic of the Congo
68%
E Equatorial Guinea
68%
F Finland
68%
L Libya
68%
M Montenegro
68%
N Namibia
68%
R. Republic of the Congo
68%
S São Tomé and Príncipe
68%
S Slovakia
68%
B Belarus
67%
C Cameroon
67%
E Estonia
67%
G Gabon
67%
G Greece
67%
L Latvia
67%
L Lithuania
67%
M Malta
67%
R Romania
67%
S Serbia
67%
U Ukraine
67%
Z Zambia
67%
B Bulgaria
66%
C Central African Republic
66%
C Chad
66%
R Russia
66%
Z Zimbabwe
66%
N North Macedonia
65%
S South Africa
65%
T Turkey
65%
B Botswana
64%
K Kosovo
64%
M Moldova
64%
S Sudan
63%
B Burundi
62%
E Egypt
62%
I Israel
62%
J Jordan
62%
L Lebanon
62%
L Lesotho
62%
R Rwanda
62%
S South Sudan
62%
S Syria
62%
U Uganda
62%
Y Yemen
62%
C Cyprus
61%
E Eritrea
61%
E Eswatini
61%
G Georgia
61%
I Iraq
61%
K Kenya
61%
M Mozambique
61%
S Saudi Arabia
61%
T Tanzania
61%
A Armenia
60%
C Comoros
60%
D Djibouti
60%
E Ethiopia
60%
I Iran
60%
M Madagascar
60%
Q Qatar
60%
S Somalia
60%
A Azerbaijan
59%
M Malawi
59%
O Oman
59%
S Seychelles
59%
B Bahrain
58%
K Kazakhstan
58%
K Kuwait
58%
T Turkmenistan
58%
U UAE
58%
A Afghanistan
57%
I India
57%
M Mauritius
57%
P Pakistan
57%
U Uzbekistan
57%
A Australia
56%
K Kyrgyzstan
56%
T Tajikistan
56%
C China
54%
M Maldives
53%
N Nepal
53%
B Bangladesh
52%
B Bhutan
52%
M Mongolia
52%
M Myanmar
52%
S Sri Lanka
52%
I Indonesia
51%
L Laos
51%
T Thailand
51%
V Vietnam
51%
C Cambodia
50%
M Malaysia
50%
J Japan
49%
P Palau
49%
P Philippines
49%
S Singapore
49%
B Brunei
48%
E East Timor
48%
F. S. Micronesia
48%
N North Korea
48%
T Taiwan
48%
F Fiji
47%
N Nauru
47%
N New Zealand
47%
P Papua New Guinea
47%
S South Korea
47%
V Vanuatu
47%
M Marshall Islands
46%
S Solomon Islands
46%
T Tuvalu
46%
No matching quizzes found
Score Distribution
Percent of People with Each Score
Percentile by Number Answered
Your Score History
You have not taken this quiz